000 00563nam a22001217a 4500
040 _cRUA
082 _aAVM OEN 2025 B705 Or.1
100 _aOENG BONNOET, អ៊ឹង ប៊ុននឹត
245 _aCattle Gastrointestinal parsites in roleab commune, sampov meas district,pursat province, បរាសិតក្នុងក្រពះពោះវៀនគោនៅឃុំ រលាប ស្រុកសំពៅមាស ខេត្តពោធិ៍សាត់
260 _aPHNOM PENH
_bRUA
_c2025
300 _aviii,41p.
_bill.
_c29cm.
942 _cAVM
999 _c25803
_d25803